Kinh tế kỹ thuật mờ
Kinh tế kỹ thuật mờ trình bày ứng dụng lý thuyết mờ trong kinh tế kỹ thuật bao gồm 2 phần với 10 chương, phần 1 trình bày kiến thức cơ bản về kinh tế kỹ thuật, phần 2 trình bày các phần của lý thuyết mờ có liên quan và ứng dụng và ư...
Sparad:
| Huvudupphovsman: | |
|---|---|
| Materialtyp: | Bok |
| Språk: | Undetermined |
| Publicerad: |
Hà Nội
Khoa học và Kỹ thuật
2006
|
| Ämnen: | |
| Taggar: |
Lägg till en tagg
Inga taggar, Lägg till första taggen!
|
| Thư viện lưu trữ: | Trung tâm Học liệu Trường Đại học Cần Thơ |
|---|
| LEADER | 01132nam a2200241Ia 4500 | ||
|---|---|---|---|
| 001 | CTU_129190 | ||
| 008 | 210402s9999 xx 000 0 und d | ||
| 020 | |c 23000 | ||
| 082 | |a 658.159 | ||
| 082 | |b Ph431 | ||
| 100 | |a Nguyễn, Như Phong | ||
| 245 | 0 | |a Kinh tế kỹ thuật mờ | |
| 245 | 0 | |c Nguyễn Như Phong | |
| 260 | |a Hà Nội | ||
| 260 | |b Khoa học và Kỹ thuật | ||
| 260 | |c 2006 | ||
| 520 | |a Kinh tế kỹ thuật mờ trình bày ứng dụng lý thuyết mờ trong kinh tế kỹ thuật bao gồm 2 phần với 10 chương, phần 1 trình bày kiến thức cơ bản về kinh tế kỹ thuật, phần 2 trình bày các phần của lý thuyết mờ có liên quan và ứng dụng và ứng dụng vào bài toán kinh tế kỹ thuật | ||
| 526 | |a Kinh tế kỹ thuật | ||
| 526 | |b CN542 | ||
| 650 | |a Fuzzy logic,Fuzzy arithmetic,Engineering economy,Lý tuyết mờ | ||
| 650 | |x Lý thuyết logic | ||
| 904 | |i Minh | ||
| 980 | |a Trung tâm Học liệu Trường Đại học Cần Thơ | ||